Catálogo - Centro de Recursos para el Aprendizaje y la Investigación

Volver al Sitio - CRAI Biblioteca

Econoclima : (Registro nro. 113944)

Detalles MARC
000 -CABECERA
campo de control de longitud fija 01614nas a2200301 4500
001 - NÚMERO DE CONTROL
campo de control 113944
003 - IDENTIFICADOR DEL NÚMERO DE CONTROL
campo de control DR-UNIBE
005 - FECHA Y HORA DE LA ÚLTIMA TRANSACCIÓN
campo de control 20250725102916.0
008 - DATOS DE LONGITUD FIJA--INFORMACIÓN GENERAL
campo de control de longitud fija 250725b2023 dr ||||| |||| 00| 0 spa d
022 ## - NÚMERO INTERNACIONAL NORMALIZADO PARA PUBLICACIONES SERIADAS
Número Internacional Normalizado para Publicaciones Seriadas 2636-2252
040 ## - FUENTE DE LA CATALOGACIÓN
Centro catalogador/agencia de origen Biblioteca UNIBE
Centro/agencia transcriptor Biblioteca UNIBE
041 ## - CÓDIGO DE LENGUA
Código de lengua del texto/banda sonora o título independiente spa
Código de lengua original spa
082 ## - NÚMERO DE LA CLASIFICACIÓN DECIMAL DEWEY
Número de edición 22
Número de clasificación PP-RD 551.5253 E19e
245 00 - MENCIÓN DE TÍTULO
Título Econoclima :
Resto del título estudios de cambio climático del Banco Central
260 ## - PUBLICACIÓN, DISTRIBUCIÓN, ETC.
Lugar de publicación, distribución, etc. Santo Domingo :
Nombre del editor, distribuidor, etc. Banco Central de la República Dominicana. Departamento de Programación Monetaria y Estudios Económicos,
Fecha de publicación, distribución, etc. 2023
300 ## - DESCRIPCIÓN FÍSICA
Extensión volúmenes :
Otras características físicas ilustraciones, gráficos ;
Dimensiones 28 cm
310 ## - PERIODICIDAD ACTUAL
Periodicidad actual Anual
362 ## - FECHAS DE PUBLICACIÓN Y/O DESIGNACIÓN SECUENCIAL
Fecha de publicación y/o designación secuencial (2023) - (2024)
520 3# - SUMARIO, ETC.
Sumario, etc. "Econoclima" es el nombre de una serie de estudios sobre cambio climático realizados por el Banco Central de la República Dominicana. Estos estudios analizan los impactos económicos del cambio climático en el país, incluyendo la vulnerabilidad a fenómenos meteorológicos extremos y sus efectos en sectores clave como la agricultura y el turismo. El Banco Central ha incorporado el análisis del cambio climático en su agenda de trabajo, reconociendo su importancia para la estabilidad macroeconómica y financiera.
650 #7 - PUNTO DE ACCESO ADICIONAL DE MATERIA--TÉRMINO DE MATERIA
Fuente del encabezamiento o término lemb
Término de materia o nombre geográfico como elemento de entrada Cambios climáticos
Subdivisión general Aspectos económicos
Subdivisión geográfica República Dominicana
9 (RLIN) 197703
650 #7 - PUNTO DE ACCESO ADICIONAL DE MATERIA--TÉRMINO DE MATERIA
Fuente del encabezamiento o término lemb
Término de materia o nombre geográfico como elemento de entrada Cambios globales de temperatura
9 (RLIN) 820
650 #7 - PUNTO DE ACCESO ADICIONAL DE MATERIA--TÉRMINO DE MATERIA
Fuente del encabezamiento o término lemb
Término de materia o nombre geográfico como elemento de entrada Economía ambiental
650 #7 - PUNTO DE ACCESO ADICIONAL DE MATERIA--TÉRMINO DE MATERIA
Fuente del encabezamiento o término lemb
Término de materia o nombre geográfico como elemento de entrada Calentamiento global
9 (RLIN) 27825
650 #7 - PUNTO DE ACCESO ADICIONAL DE MATERIA--TÉRMINO DE MATERIA
Fuente del encabezamiento o término lemb
Término de materia o nombre geográfico como elemento de entrada Efecto invernadero
650 #7 - PUNTO DE ACCESO ADICIONAL DE MATERIA--TÉRMINO DE MATERIA
Fuente del encabezamiento o término lemb
Término de materia o nombre geográfico como elemento de entrada Gases de invernadero
9 (RLIN) 136873
655 #7 - TÉRMINO DE INDIZACIÓN--GÉNERO/FORMA
Fuente del término lemb
Datos o término principal de género/forma Publicaciones periódicas
942 ## - ELEMENTOS DE PUNTO DE ACCESO ADICIONAL (KOHA)
Fuente del sistema de clasificación o colocación Sistema de Clasificación Decimal Dewey
Tipo de ítem Koha Revista
Existencias
Estado de retiro Estado de pérdida Fuente del sistema de clasificación o colocación Estado dañado No para préstamo Código de colección Localización permanente Ubicación/localización actual Fecha de adquisición Enumeración/cronología de publicación seriada Total de préstamos Signatura topográfica completa Código de barras Fecha visto por última vez Número de copia Precio válido a partir de Tipo de ítem Koha
  Disponible Sistema de Clasificación Decimal Dewey     Hemeroteca - Revistas dominicanas Biblioteca Central UNIBE Biblioteca Central UNIBE 25/07/2025 (2023)   PP-RD 551.5253 E19e R250208 25/07/2025 Ej. 1 25/07/2025 Revista
  Disponible Sistema de Clasificación Decimal Dewey     Hemeroteca - Revistas dominicanas Biblioteca Central UNIBE Biblioteca Central UNIBE 25/07/2025 (2024)   PP-RD 551.5253 E19e R250209 25/07/2025 Ej. 1 25/07/2025 Revista